Materská škola s jasľami v energeticky pasívnom štandarde

Enregistré dans:
Détails bibliographiques
Auteur principal: Bobríková, Barbora (Auteur)
Autres auteurs: Rabenseifer, Roman (Directeur de thèse)
Format: Manuscrit Livre
Langue:slovaque
Publié: 2016
Sujets:
Accès en ligne:http://is.stuba.sk/zp/portal_zp.pl?podrobnosti=118182
https://opac.crzp.sk/?fn=detailBiblioForm&sid=41728D440EB1EF62921D148922FE
Tags: Ajouter un tag
Pas de tags, Soyez le premier à ajouter un tag!

MARC

LEADER 00000ntm a22000003a 4500
001 stuzp56620
003 SK-STU
005 20230823110805.2
007 ta
008 150427s2015----xo-----f-mn---000-0-slo-d
040 |a STU  |b slo 
041 0 |a slo 
100 1 |a Bobríková, Barbora  |u 010180  |4 aut  |U SvF Stavebná fakulta  |T SvF Katedra konštrukcií pozemných stavieb  |X 7152  |U V180  |Y 18  |7 A000007152 
242 0 1 |a Kindergarten with nursery in passive energy standard  |y eng 
245 1 0 |a Materská škola s jasľami v energeticky pasívnom štandarde 
260 |c 2016 
650 4 |a diplomová práca  |2 slo 
650 4 |a materská škola  |2 slo 
650 4 |a pasívna budova  |2 slo 
650 4 |a diploma thesis  |2 eng 
650 4 |a kindergarten  |2 eng 
650 4 |a pasive building  |2 eng 
700 1 |a Rabenseifer, Roman  |u 010180  |k Z1  |4 ths  |U SvF Stavebná fakulta  |T SvF Katedra konštrukcií pozemných stavieb  |X 727  |U V180  |Y 18  |7 A000000727 
856 4 |u http://is.stuba.sk/zp/portal_zp.pl?podrobnosti=118182 
856 4 |u https://opac.crzp.sk/?fn=detailBiblioForm&sid=41728D440EB1EF62921D148922FE 
SQL |a stuzp56620  |b DDP  |c SLO  |d Materská škola s jasľami v energeticky pasívnom štandarde  |e 7152  |f Bobríková, Barbora  |g 010180  |h 727  |i Rabenseifer, Roman  |j 20160615  |k 8  |l 01  |m http://is.stuba.sk/zp/portal_zp.pl?podrobnosti=118182  |n I-AKP  |o 5.1.4. pozemné stavby